000 00490nam a2200157 i 4500
001 20420
003 ES-MaACL
005 20230906152312.0
007 t|
008 021112s1952 sp ||||1| spa d
100 1 _aAguilera Bernabé, Antonio.
_918772
245 1 0 _aTreinta noches de Historia /
_cpor Antonio Aguilera Bernabé.
260 _aMurcia :
_b[s.n.,
_c1952] (
_fImp. del Asilo de Nra. Sra. de Lourdes)
300 _a202 p. :
_bil. ;
_c23 cm.
852 _aES-MaACL
_jD-8463
_bR.32934
999 _c20420
_d20420